| 000 | 01122cad a22002055a 4500 | ||
|---|---|---|---|
| 001 | L143384 | ||
| 008 | 080501e20080424xxka f 000 0 eng d | ||
| 022 | _a9781846330209 | ||
| 035 | _a(Sirsi) u143384 | ||
| 041 | 0 | _aeng | |
| 110 | 2 |
_aCommission for Architecture and the Built Environment _94058 |
|
| 245 | 0 | 0 |
_aArtists and places _bengaging creative minds in regeneration _h[electronic resource] |
| 260 |
_aLondon _bCABE _c2008 |
||
| 520 | _aSuggests ways in which regeneration schemes can be organised to increase the attractiveness of the places they create. Aims to provide developers and clients with practical advice on how to include artists and creativity in the design process. Argues that technical specifications have often overshadowed artistic concerns in regeneration projects. Examines six case studies in detail and considers lessons which can be learned from these. | ||
| 590 | _aKA | ||
| 651 | 4 |
_aUnited Kingdom _y |
|
| 690 | _aPROPERTY-PROPERTY MANAGEMENT-REGENERATION | ||
| 856 | 4 | 0 |
_uhttps://www.cabe.org.uk/files/artists-and-places.pdf _zView the item free of charge at www.cabe.org.uk |
| 942 | _n0 | ||
| 999 |
_c80161 _d80161 |
||